| 000 | 00509nam a2200169 4500 | ||
|---|---|---|---|
| 082 |
_a669.92 _bHUM _cL-11, P-9 |
||
| 100 | 1 |
_aHume-Rothery, William, _945165 |
|
| 245 | 0 | 0 | _aElectrons, atoms, metals and alloys. |
| 260 |
_aLondon, _bPub. for Metal Industry by Cassier Co.; distributed by Iliffe _c[1948] |
||
| 300 |
_a377 p. _billus. _c22 cm. |
||
| 526 |
_a0 _b0 _c0 _d669_920000000000000_HUM |
||
| 650 | 0 | _aAlloys. | |
| 650 | 0 |
_aElectrons. _945166 |
|
| 650 | 0 |
_aMCE _9379 |
|
| 650 | 0 | _aMetals. | |
| 942 |
_2ddc _cBK |
||
| 999 |
_c548749 _d548749 |
||